LEADER 00562nab a2200133 i 4500 001 000000321152 003 CaOOAMICUS 005 20180831173340.0 008 180831n it uu u0 0ita r 013 $a31377 040 $aSeMil$bita 245 12$aL'umanità evangelica di mons. Enrico Galbiati. - In [rubrica] :$bConosci il tuo Seminario. 773 0 $t limpida testimonianza di fede». - 32 p. - Titolo dalla copertina.$gp.26-27$w()278716 996 $6245$aL'umanità evangelica di mons. Enrico Galbiati. - In [rubrica] :$bConosci il tuo Seminario.$9(OLS)http://semarc/title/394705 LEADER 00467nab a2200133 i 4500 001 000000325542 003 CaOOAMICUS 005 20180831173504.0 008 180831n it uu u0 0ita r 013 $a36592 040 $aSeMil$bita 245 10$aTu vieni a rischiarare le tenebre. - In [rubrica] :$bPreghiera. 773 0 $t[DICEMBRE 2002]. - 32 p.$gp.[16]-[17]$w()283217 996 $6245$aTu vieni a rischiarare le tenebre. - In [rubrica] :$bPreghiera.$9(OLS)http://semarc/title/398695